The guide to treasury & cash management in Latin America / (Registro nro. 8034)

Detalles MARC
000 -LEADER
fixed length control field 00711nam a2200205Ia 4500
003 - CONTROL NUMBER IDENTIFIER
control field OSt
005 - DATE AND TIME OF LATEST TRANSACTION
control field 20210715085027.0
008 - FIXED-LENGTH DATA ELEMENTS--GENERAL INFORMATION
fixed length control field 210310t2007 eu ad fr 000 0 eng d
040 ## - CATALOGING SOURCE
Original cataloging agency CO-JMCR
Transcribing agency CO-JMCR
041 0# - LANGUAGE CODE
Language code of text/sound track or separate title eng
082 04 - DEWEY DECIMAL CLASSIFICATION NUMBER
Classification number 332.64 /
Item number N882g
Edition number 23
100 1# - MAIN ENTRY--PERSONAL NAME
Personal name Norton, James,
9 (RLIN) 16146
Relator term editor
245 14 - TITLE STATEMENT
Title The guide to treasury & cash management in Latin America /
Statement of responsibility, etc. James Norton
260 ## - PUBLICATION, DISTRIBUTION, ETC.
Place of publication, distribution, etc. [Nueva York] :
Name of publisher, distributor, etc. JPMorgan,
Date of publication, distribution, etc. 2007
300 ## - PHYSICAL DESCRIPTION
Extent 20 páginas :
Other physical details ilustraciones y gráficas a color ;
Dimensions 26 cm.
505 0# - FORMATTED CONTENTS NOTE
Formatted contents note Working capital -- Banks -- Europayments -- Cash management -- Risk management
650 14 - SUBJECT ADDED ENTRY--TOPICAL TERM
Topical term or geographic name entry element Capital de trabajo
9 (RLIN) 16148
650 24 - SUBJECT ADDED ENTRY--TOPICAL TERM
Topical term or geographic name entry element Gestión de riesgos
9 (RLIN) 12627
942 ## - ADDED ENTRY ELEMENTS (KOHA)
Source of classification or shelving scheme Dewey Decimal Classification
Koha item type Books
Existencias
Withdrawn status Lost status Source of classification or shelving scheme Damaged status Not for loan Collection code Home library Current library Date acquired Source of acquisition Full call number Barcode Date last seen Copy number Koha item type
    Dewey Decimal Classification     Non-fiction Biblioteca Pública José María del Castillo y Rada Biblioteca Pública José María del Castillo y Rada 04/15/2018 Donación 332.64 / N882g 430002960 05/16/2024 Ej.1 Books